Valorização estética dos espaços educativos (Registo nº 680)

Detalhes MARC
000 -Etiqueta do registo
Cabeçalho 00893cam a2200301 4500
005 - Identificador da versão
Campo de controlo 20240813121809.0
010 ## - Número internacional normalizado dos livros (ISBN)
Número (ISBN) 9727290566
021 ## - Número do Depósito Legal
Código do país PT
Número 176511/02
035 ## - Other System Control Numbers
System Control Number 0000709
System Control Number 0000705
System Control Number 0000705
System Control Number 0000693
100 ## - Dados gerais de processamento
Dados gerais de processamento 20020311d2003 m a0pory5003 ba
102 ## - Pais de publicação ou produção
País de publicação Portugal
101 0# - Língua de publicação
Língua do texto, banda sonora, etc. Português
106 ## - Campo de dados codificados: material textual
Dados codificados do material textual r
105 ## - Campo de dados codificados: livros
Dados codificados dos livros a b 001yy
215 ## - Descrição física 
Indicação específica da natureza do documento e extensão da espécie 111 p.
Outras indicações físicas il.
Dimensões 25 cm
200 1# - Titulo e menção de responsabilidade
Título próprio Valorização estética dos espaços educativos
Primeira menção de responsabilidade org. Manuela Pinheiro, Francisco Simões, Helena Vaz Joaquim Simões
205 ## - Menção da edição
Menção da edição 1ª ed
210 ## - Publicação, Distribuição, etc. 
Lugar da edição, distribuição, etc. Lisboa
Nome do editor, distribuidor, etc. Ministério da Educação
Data da publicação, distribuição, etc. 2002
675 ## - Classificação Decimal Universal (CDU)
Notação 727.1.04(469)(083.82)
Edição BN
Língua da edição por
Edição BN
Língua da edição por
702 #1 - Nome de autor-pessoa física (responsabilidade secundária)
Número de registo de entrada de autoridade 0000885
Palavra de ordem Pinheiro
Outra parte do nome não tomada para palavra de ordem Manuela
Datas 1939-
Código de função Editor literário / Coordenador
Número de registo de entrada de autoridade 0000886
Palavra de ordem Simões
Outra parte do nome não tomada para palavra de ordem Francisco
Datas 1946-
Código de função Editor literário / Coordenador
Número de registo de entrada de autoridade 0000887
Palavra de ordem Simões
Outra parte do nome não tomada para palavra de ordem Helena Vaz Joaquim
Datas 1957-
Código de função Editor literário / Coordenador
942 ## - Elementos de entrada adicionados (Koha)
Tipo de item no Koha Livro
Exemplares
Situação do levantamento Origin of item (home branch) (coded) Biblioteca de empréstimo Código de barras Circulation type (not for loan) Tipo de documento Nota do exemplar Damaged status
  Biblioteca Escolar Eng. Nuno Mergulhão Biblioteca Escolar Eng. Nuno Mergulhão BENM1071   Livro Sem mensagem